Antigen retrieval immunohistochemistry based research and diagnostics /

"An antigen is a substance that prompts the generation of antibodies and can cause an immune response. The antigen retrieval (AR) technique is used worldwide and has resulted in a revolution in immunohistochemistry (IHC). Featuring contributors who are distinguished experts and researchers in t...

Full description

Bibliographic Details
Other Authors: Shi, Shan-Rong, 1936-, Taylor, C. R. (Clive Roy)
Format: eBook
Language:English
Published: Hoboken, N.J. : Wiley, [2010]
Series:Wiley online library.
Wiley series in biomedical engineering and multi-disciplinary integrated systems.
Subjects:
Online Access:Connect to the full text of this electronic book

MARC

Tag First Indicator Second Indicator Subfields
LEADER 00000cam a2200000Ka 4500
001 in00002648621
005 20210727155442.0
006 m d
007 cr cnu---unuuu
008 101130s2010 njuaf ob 001 0 eng d
019 |a 670278158 
020 |a 0470875607 (electronic bk.) 
020 |a 0470875615 (e-book) 
020 |a 9780470875605 (electronic bk.) 
020 |a 9780470875612 (e-book) 
020 |z 0470624523 (hardback) 
020 |z 9780470624524 (hardback) 
024 8 |a 9786612756177 
035 |a (OCoLC)667271561  |z (OCoLC)670278158 
035 |a (OCoLC)ocn667271561 
035 |a 3848256 
037 |a 275617  |b MIL 
040 |a N$T  |b eng  |c N$T  |d CDX  |d YDXCP  |d E7B  |d EBLCP  |d OCLCQ  |d MHW  |d OCLCQ  |d TXA  |d UtOrBLW 
049 |a TXAM 
050 4 |a QR183.6  |b .A577 2010eb 
072 7 |a MED  |x 014000  |2 bisacsh 
072 7 |a SCI  |x 013020  |2 bisacsh 
082 0 4 |a 616.07/56  |2 22 
245 0 0 |a Antigen retrieval immunohistochemistry based research and diagnostics /  |c edited by Shan-Rong Shi, Clive R. Taylor. 
264 1 |a Hoboken, N.J. :  |b Wiley,  |c [2010] 
264 4 |c ©2010 
300 |a 1 online resource (xvii, 434 pages, 16 unnumbered pages of plates) :  |b illustrations (some color) 
336 |a text  |b txt  |2 rdacontent 
337 |a computer  |b c  |2 rdamedia 
338 |a online resource  |b cr  |2 rdacarrier 
490 1 |a Wiley series in biomedical engineering and multi-disciplinary integrated systems 
500 |a Electronic resource. 
504 |a Includes bibliographical references and index. 
505 0 |a ANTIGEN RETRIEVAL IMMUNOHISTOCHEMISTRY BASED RESEARCH AND DIAGNOSTICS; CONTENTS; PREFACE; CONTRIBUTORS; PART I: RECENT ADVANCES IN ANTIGEN RETRIEVAL TECHNIQUES AND ITS APPLICATION; CHAPTER 1: STANDARDIZATION OF ANTIGEN RETRIEVAL TECHNIQUES BASED ON THE TEST BATTERY APPROACH; CHAPTER 2: EXTENDED APPLICATION OF ANTIGEN RETRIEVAL TECHNIQUE IN IMMUNOHISTOCHEMISTRY AND IN SITU HYBRIDIZATION; CHAPTER 3: EXTRACTION OF DNA/RNA FROM FORMALIN-FIXED, PARAFFIN-EMBEDDED TISSUE BASED ON THE ANTIGEN RETRIEVAL PRINCIPLE; PART II: STANDARDIZATION OF IMMUNOHISTOCHEMISTRY. 
520 |a "An antigen is a substance that prompts the generation of antibodies and can cause an immune response. The antigen retrieval (AR) technique is used worldwide and has resulted in a revolution in immunohistochemistry (IHC). Featuring contributors who are distinguished experts and researchers in the field, this book discusses several scientific approaches to the standardization of quantifiable IHC. It summarizes the key problems in the four fields of antigen retrieval and provides practical methods and protocols in AR-IHC. Clinical pathologists, molecular cell biologists, basic research scientists, technicians, and graduate students, will benefit from this fully up-to-date work"--Provided by publisher. 
520 |a "This book is based on the development and application of AR by the editors, one of whom is the inventor of AR, together with members of a world-leading research center of AR"--Provided by publisher. 
588 |a Description based on print version record. 
650 0 |a Antigens.  |0 http://id.loc.gov/authorities/subjects/sh85005675 
650 0 |a Immunohistochemistry.  |0 http://id.loc.gov/authorities/subjects/sh85064570 
650 4 |a Antigens. 
650 4 |a Immunohistochemistry. 
650 4 |a Medicine. 
650 4 |a Natural history. 
650 4 |a Science. 
650 7 |a MEDICAL  |x Clinical Medicine.  |2 bisacsh 
650 7 |a SCIENCE  |x Chemistry  |x Clinical.  |2 bisacsh 
655 7 |a Electronic books.  |2 local 
700 1 |a Shi, Shan-Rong,  |d 1936-  |0 http://id.loc.gov/authorities/names/n00122036 
700 1 |a Taylor, C. R.  |q (Clive Roy)  |0 http://id.loc.gov/authorities/names/n80140066 
776 0 8 |i Print version:  |t Antigen retrieval immunohistochemistry based research and diagnostics.  |d Hoboken, N.J. : Wiley, c2010  |z 9780470624524  |w (DLC) 2010024561  |w (OCoLC)620157886 
830 0 |a Wiley online library. 
830 0 |a Wiley series in biomedical engineering and multi-disciplinary integrated systems.  |0 http://id.loc.gov/authorities/names/n2010181066 
856 4 0 |u http://proxy.library.tamu.edu/login?url=https://dx.doi.org/10.1002/9780470875612  |z Connect to the full text of this electronic book  |t 0 
948 |a cataloged  |b h  |c 2011/11/28  |d c  |e jlanham  |f 1:53:06 pm 
994 |a C0  |b TXA 
999 |a MARS 
999 f f |s 6edd1cb1-66f1-3e81-a014-b1cc701107c0  |i cba6ae49-94dc-32f2-984a-06c8dcf0b014  |t 0 
952 f f |a Texas A&M University  |b College Station  |c Electronic Resources  |d Available Online  |t 0  |e QR183.6 .A577 2010eb  |h Library of Congress classification 
998 f f |a QR183.6 .A577 2010eb  |t 0  |l Available Online